BIBLIOTHÈQUE DE LA MAISON DU MEXIQUE

Logo 1 Logo 2

Aztèques (notice nᵒ 6114)

détails MARC
000 -Sello discográfico
campo de control de longitud fija 01105nam a2200325 4500
005 - Identificación de versión
campo de control 20251016083853.0
010 ## - Número Estándar Internacional de Libros (ISBN)
Número (ISBN) 2-915133-09-3
099 ## - fechas locales
Tipo de ítem Koha LIBRO
100 ## - Datos de procesamiento general
Datos de procesamiento general 20220512d2005 m y1spay5003 ba
101 ## - Idioma del recurso
Idioma del texto, banda sonora, etc. Francés
105 ## - Campo de datos codificados: Material textual, monográfico
Datos codificados de monografía a 001zy
200 1# - Título y mención de responsabilidad
Título propio Aztèques
Designación general del material texto impreso
Otra información del título la collection de sculptures du Musée du Quai Branly
Primer mención de responsabilidad Leonardo López Luján, Marie-France Fauvet-Berthelot
210 ## - Publicación, distribución, etc.
Lugar de publicación, distribución, etc. Paris
Nombre del editor, distribuidor, etc. Musée du Quai Branly
Fecha de publicación, distribución, etc. 2005
215 ## - Descripción física
Designación de material específico y extensión del ítem 191 p
Otras características físicas il.
Dimensiones 29 cm
300 ## - Notas generales
Texto de la nota Bibliographie : 188-191. Exemplaire dédicacé
318 ## - Nota de acción
Acción No se presta a domicilio
345 ## - Nota de información de adquisición
Fuente de adquisición/dirección de la suscripción [OBSOLETO] Donación Alain Musset
410 #1 - Series
Título Quai Branly, la collection
606 ## - Término temático usado como materia
Elemento de entrada Escultura azteca
Número Koha 3520
660 ## - Código de área geográfica
Código MX
700 ## - Nombre personal - Responsabilidad primaria
Elemento de entrada López Luján
Parte del nombre distinta del elemento de entrada Leonardo Náuhmitl
Fechas 1964-
Número Koha 2395
701 ## - Nombre personal - Responsabilidad alternativa
Elemento de entrada Fauvet-Berthelot
Parte del nombre distinta del elemento de entrada Marie-France
Número Koha 9036
801 #0 - Fuente de origen
País FR
Agencia cm
Reglas de catalogación (convenciones descriptivas) AFNOR
900 ## -
-- 1/21688
900 ## -
-- 7100417642\080104
942 ## - ELEMENTOS DE ENTRADA SECUNDARIOS (KOHA)
Tipo de ítem Koha Livre
996 ## -
-- MEX
-- 751145101
-- MMAG
-- 006433
-- R730.89 L864AZ
-- 20220512LIV
Exemplaires
Estatus retirado Estado de daño Estado de pérdida Fecha de adquisición Biblioteca de origen Biblioteca actual Ubicación en estantería Código de barras Precio de reemplazo Signatura topográfica completa No para préstamo Tipo de ítem Koha Nota pública Nota no pública
      05/08/2025 Casa México Paris Casa México Paris   006433 05/08/2025 R730.89 L864AZ No se presta a domicilio Livre 20220512LIV 751145101